| 000 | 01021nam0a2200313 4500 | ||
|---|---|---|---|
| 001 | RU\NLR\bibl\242529 | ||
| 005 | 20250619114219.0 | ||
| 010 |
_a5-93454-021-1 _93000 |
||
| 021 |
_aRU _b2001-43038 _92051 |
||
| 035 | _a(NLR Aleph) 000238400 | ||
| 090 |
_a1388844 _c1388844 |
||
| 100 | _a20020325d2001 |||y0rusy50 ca | ||
| 101 | 0 | _arus | |
| 102 | _aRU | ||
| 105 | _aa ||||||||| | ||
| 200 | 1 |
_aПеснь Борбада _e[Зороастрийские сказки] _fАдаш Истад |
|
| 210 |
_aМ. _cБеловодье _d2001 |
||
| 215 |
_a252, [1] с. _cил. _d17 |
||
| 225 | 1 | _aОбретение | |
| 600 | 1 |
_aБорбада _fок.14 - 16 вв. _xв художественной литературе _92239577 _3RU\NLR\auth\661343920 |
|
| 686 | _aЩ313(2Т)1-83Борбада7 | ||
| 686 | _aШ5(0)952.314-4Истад | ||
| 700 | 1 |
_aИстад _bА. _gАдаш _4070 |
|
| 801 | 0 |
_aRU _bNLR _c20020325 _gPSBO |
|
| 801 | 1 |
_aRU _bNLR _c20020325 |
|
| 942 | _cBOOK | ||
| 980 | _aNB | ||